UITU Library & LRC     

E-Bazar (Record no. 33492)

MARC details
000 -LEADER
fixed length control field 00586nam a2200145Ia 4500
008 - FIXED-LENGTH DATA ELEMENTS--GENERAL INFORMATION
fixed length control field 260210s9999 xx 000 0 und d
024 ## - OTHER STANDARD IDENTIFIER
Standard number or code 19B-068-SE, 19B-005-SE, 19B-057-SE, 19B-048-SE & 19B-054-SE
100 ## - MAIN ENTRY--PERSONAL NAME
Personal name Maaz Ali, Hafiz Muhammad Faaiz Azeem, M Fahad Dishad & Muhammad Zain-ul-Abideen
110 ## - MAIN ENTRY--CORPORATE NAME
Corporate name or jurisdiction name as entry element Sadiq Abdul Hameed
245 #0 - TITLE STATEMENT
Title E-Bazar
260 ## - PUBLICATION, DISTRIBUTION, ETC.
Place of publication, distribution, etc. Karachi:
Name of publisher, distributor, etc. UITU,
Date of publication, distribution, etc. 2019
600 ## - SUBJECT ADDED ENTRY--PERSONAL NAME
Personal name Software engineering
650 ## - SUBJECT ADDED ENTRY--TOPICAL TERM
Topical term or geographic name entry element Bachelor of Engineering (BE)
856 ## - ELECTRONIC LOCATION AND ACCESS
Uniform Resource Identifier <a href="https://drive.google.com/file/d/11THSU3Gf9xVqOYUsyvHVWZ9cj5i3ueZR/view?usp=sharing">https://drive.google.com/file/d/11THSU3Gf9xVqOYUsyvHVWZ9cj5i3ueZR/view?usp=sharing</a>
Link text Click here for PDF

No items available.

Powered by Koha